U.S. Bundesstaaten nach Bildern - Statistiken

Allgemein
  • Dieses Quiz wurde 378 mal gespielt
  • Das Durchschnittsergebnis liegt bei 6 aus 15
Antwortstatistiken
Bildquiz Antwort % Korrekt
Nevada
83%
Texas
81%
New York
78%
Florida
65%
Washington
59%
Louisiana
46%
Utah
46%
Colorado
45%
Alaska
41%
Hawaii
37%
Pennsylvania
27%
Minnesota
10%
Virginia
9%
Kalifornien
5%
Kansas
3%
Keine übereinstimmenden Quizze gefunden
Verteilung der Resultate
Anzahl Personen mit jedem Resultat
Perzentil nach korrekt beantworteten Fragen
Ihre Resultats-Entwicklung
Sie haben dieses Quiz noch nicht gespielt